<?xml version="1.0" encoding="UTF-8"?><record xmlns="http://www.loc.gov/MARC21/slim" xmlns:zs="http://docs.oasis-open.org/ns/search-ws/sruResponse">
  <leader>03199cam a2200433 i 4500</leader>
  <controlfield tag="001">22518823</controlfield>
  <controlfield tag="005">20250607113207.9</controlfield>
  <controlfield tag="006">m    |o  d |      </controlfield>
  <controlfield tag="007">cr |||||||||||</controlfield>
  <controlfield tag="008">140612s2012    bl a    ob    000 0 por  </controlfield>
  <datafield ind1=" " ind2=" " tag="035">
    <subfield code="a">22518823</subfield>
  </datafield>
  <datafield ind1=" " ind2=" " tag="906">
    <subfield code="a">7</subfield>
    <subfield code="b">cbc</subfield>
    <subfield code="c">origcop</subfield>
    <subfield code="d">u</subfield>
    <subfield code="e">ncip</subfield>
    <subfield code="f">20</subfield>
    <subfield code="g">y-gencatlg</subfield>
  </datafield>
  <datafield ind1="0" ind2=" " tag="925">
    <subfield code="a">acquire</subfield>
    <subfield code="e">doabebook</subfield>
    <subfield code="x">policy default</subfield>
  </datafield>
  <datafield ind1=" " ind2=" " tag="010">
    <subfield code="a">  2020717640</subfield>
  </datafield>
  <datafield ind1=" " ind2=" " tag="020">
    <subfield code="z">9788523209483</subfield>
  </datafield>
  <datafield ind1=" " ind2=" " tag="040">
    <subfield code="a">DLC</subfield>
    <subfield code="b">eng</subfield>
    <subfield code="e">pn</subfield>
    <subfield code="e">rda</subfield>
    <subfield code="c">DLC</subfield>
  </datafield>
  <datafield ind1=" " ind2=" " tag="043">
    <subfield code="a">s-bl---</subfield>
  </datafield>
  <datafield ind1="0" ind2="0" tag="050">
    <subfield code="a">HV9593</subfield>
  </datafield>
  <datafield ind1="0" ind2="0" tag="082">
    <subfield code="a">365/.981</subfield>
    <subfield code="2">23</subfield>
  </datafield>
  <datafield ind1="0" ind2="0" tag="245">
    <subfield code="a">Prisões numa abordagem interdisciplinar /</subfield>
    <subfield code="c">Maria Thereza Ávila Dantas Coelho, Milton Júlio de Carvalho Filho (organizadores).</subfield>
  </datafield>
  <datafield ind1=" " ind2="1" tag="264">
    <subfield code="a">Salvador :</subfield>
    <subfield code="b">EDUFBA,</subfield>
    <subfield code="c">2012.</subfield>
  </datafield>
  <datafield ind1=" " ind2=" " tag="300">
    <subfield code="a">1 electronic resource (218 pages )</subfield>
  </datafield>
  <datafield ind1=" " ind2=" " tag="336">
    <subfield code="a">text</subfield>
    <subfield code="b">txt</subfield>
    <subfield code="2">rdacontent</subfield>
  </datafield>
  <datafield ind1=" " ind2=" " tag="337">
    <subfield code="a">computer</subfield>
    <subfield code="b">c</subfield>
    <subfield code="2">rdamedia</subfield>
  </datafield>
  <datafield ind1=" " ind2=" " tag="338">
    <subfield code="a">online resource</subfield>
    <subfield code="b">cr</subfield>
    <subfield code="2">rdacarrier</subfield>
  </datafield>
  <datafield ind1=" " ind2=" " tag="504">
    <subfield code="a">Includes bibliographical references.</subfield>
  </datafield>
  <datafield ind1="0" ind2=" " tag="505">
    <subfield code="a">O anacronismo pentitenciário / Maria Fernanda Tourinho Peres -- Introdução / Maria Thereza Ávila Dantas Coelho, Milton Júlio de Carvalho Filho -- A implantação do trabalho prisional na penitenciária da Bahia (1833-1865) / Cláudia Moraes Trindade -- Prisões e globalização / António Pedro Dores -- Terceirização de prisões : notas de uma análise comparada / Sandro Cabral, Paulo Furquim de Azevedo -- A análise da rede de vínculos de autores de delitos como uma contribuição para a compreensão do comportamento delituoso : um estudo de caso / Odilza Lines de Almeida -- Na frente das grades : uma pesquisa com agentes penitenciários da região metropolitana de Belo Horizonte / Luiz Claudio Lourenço -- Saúde mental entre presidiários na cidade do Salvador, Bahia, Brasil / Antônio Carlos Cruz Freire, Milena Pereira Pondé, Milena Siqueira Santos Mendonça -- A saúde mental de infratores presos numa unidade prisional da cidade do Salvador / Maria Thereza Ávila Dantas Coelho -- Pedófilos e agressores sexuais de crianças e adolescentes : narrativas a partir do cárcere / José Gonçalo Estrela Zúquete, Ceci Vilar Noronha -- A criança e o sistema prisional / Cláudia Regina Vaz Torres -- Sujeitos da fronteira : a saída da prisão / Milton Júlio de Carvalho Filho -- Deixa eu ver sua alma : narrativa de si como política de si em escritos de Luiz Alberto Mendes / Denise Carrascosa.</subfield>
  </datafield>
  <datafield ind1=" " ind2=" " tag="506">
    <subfield code="f">Unrestricted online access</subfield>
  </datafield>
  <datafield ind1=" " ind2=" " tag="540">
    <subfield code="a">Creative Commons Attribution 4.0 International</subfield>
    <subfield code="f">CC BY 4.0</subfield>
    <subfield code="u">https://creativecommons.org/licenses/by/4.0/legalcode</subfield>
  </datafield>
  <datafield ind1=" " ind2=" " tag="588">
    <subfield code="a">Description based on print version record; resource not viewed.</subfield>
  </datafield>
  <datafield ind1=" " ind2="0" tag="650">
    <subfield code="a">Prisoners</subfield>
    <subfield code="z">Brazil</subfield>
    <subfield code="x">Social conditions.</subfield>
  </datafield>
  <datafield ind1=" " ind2="0" tag="650">
    <subfield code="a">Prisoners</subfield>
    <subfield code="z">Brazil.</subfield>
  </datafield>
  <datafield ind1=" " ind2="0" tag="650">
    <subfield code="a">Prisons</subfield>
    <subfield code="x">Social aspects</subfield>
    <subfield code="z">Brazil.</subfield>
  </datafield>
  <datafield ind1=" " ind2="0" tag="650">
    <subfield code="a">Prisons</subfield>
    <subfield code="z">Brazil.</subfield>
  </datafield>
  <datafield ind1="1" ind2=" " tag="700">
    <subfield code="a">Carvalho Filho, Milton Julio de,</subfield>
    <subfield code="e">editor.</subfield>
  </datafield>
  <datafield ind1="1" ind2=" " tag="700">
    <subfield code="a">Coelho, Maria Thereza Ávila Dantas,</subfield>
    <subfield code="e">editor.</subfield>
  </datafield>
  <datafield ind1="0" ind2="8" tag="776">
    <subfield code="i">Print version:</subfield>
    <subfield code="t">Prisões numa abordagem interdisciplinar</subfield>
    <subfield code="d">Salvador : EDUFBA, 2012.</subfield>
    <subfield code="z">9788523209483</subfield>
    <subfield code="w">(DLC)  2014342768</subfield>
  </datafield>
  <datafield ind1="4" ind2="0" tag="856">
    <subfield code="d">gdcebookspublic</subfield>
    <subfield code="f">2020717640</subfield>
    <subfield code="u">https://hdl.loc.gov/loc.gdc/gdcebookspublic.2020717640</subfield>
  </datafield>
  <datafield ind1=" " ind2=" " tag="985">
    <subfield code="a">gdc/doab</subfield>
  </datafield>
</record>
